[Event "ISR-chT 1415 (Women)"]
[Site "Beersheba"]
[Date "2015.06.12"]
[Round "3.2"]
[White "Aleksandrova, Aleksandra"]
[Black "Levi, Shoval"]
[Result "1/2-1/2"]
[WhiteElo "1936"]
[BlackElo "1622"]
[PlyCount "64"]
[EventDate "2015.06.11"]
[EventType "team-tourn"]
[EventRounds "5"]
[EventCountry "ISR"]
[SourceTitle "EXT 2016"]
[Source "ChessBase"]
[SourceDate "2015.10.08"]
[SourceVersion "1"]
[SourceVersionDate "2015.10.08"]
[SourceQuality "1"]
[WhiteTeam "Beer Sheva (W)"]
[BlackTeam "Ramat Gan (W)"]
[WhiteTeamCountry "ISR"]
[BlackTeamCountry "ISR"]

1. d4 d5 2. Nf3 c6 3. e3 Bf5 4. Ne5 Nf6 5. g4 Bc8 6. h4 h5 7. g5 Ng4 8. Nxf7 Kxf7 9. f3 Qc7 10. fxg4 Qg3+ 11. Kd2 Bxg4 12. Be2 e5 13. Bxg4 hxg4 14. h5 Qg2+ 15. Kc3 exd4+ 16. exd4 a5 17. Be3 b5 18. Nd2 Na6 19. Qf1+ Qxf1 20. Raxf1+ Ke6 21. Rf4 g3 22. Rg4 Bd6 23. Bf4 g2 24. Rg1 Rxh5 25. Bxd6 Kxd6 26. R1xg2 Re8 27. R4g3 Kd7 28. Rf2 Rxg5 29. Rff3 Rxg3 30. Rxg3 Rg8 31. Nf3 Kc7 32. Rg6 Kb6 1/2-1/2